000
00297nam a2200133Ia 4500
008
191201s2010 xx 000 0 und d
100
_a
GILLESPIE,Andrew
245
0
_a
Business Economics
250
_a
1st
260
_a
N. Delhi
_b
Oxford
_c
2010
300
_a
458
650
_a
MBA
942
_2
ddc
_c
BK
999
_c
5162
_d
5162